000
00301 a2200133 4500
005
20250627061222.0
082
_a
330 PAI
100
_a
PAISH, F. W.
245
_a
Benham's Economics
250
_a
7th Ed.
260
_a
New York,
_b
Pitman,
_c
1963.
300
_a
xvi, 576p.
_b
Index.
_c
21cm.
942
_2
ddc
_c
BKS
999
_c
462
_d
462